[Event "Komotini GP"]
[Site "Komotini"]
[Date "1993.??.??"]
[Round "5"]
[White "Kalesis, Nikolaos"]
[Black "Kondou, Eva"]
[Result "1-0"]
[WhiteElo "2410"]
[BlackElo "2215"]

1.d4 Nf6 2.c4 g6 3.Nc3 d5 4.cxd5 Nxd5 5.e4 Nxc3 6.bxc3 Bg7 7.Bc4 c5 8.Ne2 O-O
9.O-O Nc6 10.Be3 Qc7 11.Rc1 Rd8 12.Qd2 Na5 13.Bd3 e5 14.f4 exf4 15.Bxf4 Qd7
16.Bg5 Re8 17.Bf6 b6 18.Bxg7 Kxg7 19.Ng3 Qe7 20.e5 Bb7 21.Nh5+ Kh8 22.Nf6  1-0

[Event "Komotini GP"]
[Site "Komotini"]
[Date "1993.??.??"]
[Round "6"]
[White "Maksimovic, Suzana"]
[Black "Tsevremes, Ioannis"]
[Result "1-0"]
[WhiteElo "2280"]
[BlackElo "2175"]

1.d4 Nf6 2.c4 g6 3.Nc3 d5 4.cxd5 Nxd5 5.e4 Nxc3 6.bxc3 Bg7 7.Be3 c5 8.Bc4 Nc6
9.Ne2 O-O 10.Rc1 Qc7 11.Qd2 Rd8 12.Qb2 a6 13.O-O b5 14.Bd3 Rb8 15.Rfd1 Bg4
16.f3 Bd7 17.Bf4 e5 18.Bg5 Re8 19.d5 Na5 20.Ng3 Nb7 21.Qd2 Nd6 22.h4 h5 23.Qf2 Rbc8
24.Rf1 Qb7 25.Be3 Qc7 26.f4 f6 27.f5 gxf5 28.exf5 Kf7 29.Be2 Rh8 30.Bxh5+ Ke7
31.Bg6 Bh6 32.h5 Bg7 33.Rcd1 Bh6 34.Bxh6 Rxh6 35.Qe3 Rhh8 36.h6 c4 37.Rf2 Qc5
38.Qd2 a5 39.h7 b4 40.Qh6 Rcf8 41.Qd2 Ba4 42.Re1 bxc3 43.Qxc3 Qxd5 44.Qa3 Bc6
45.Ne4 Qd4 46.Nxd6 Qxd6 47.Qxa5 Rd8 48.Qa7+ Rd7 49.Qe3 Kd8 50.Rb1 Kc8 51.Qb6 e4
52.Qa6+ Kd8 53.Qxc4 Bd5 54.Qb4 Qxb4 55.Rxb4  1-0

[Event "Las Palmas-C"]
[Site "Las Palmas"]
[Date "1993.??.??"]
[Round "9"]
[White "Giffard, Nicolas"]
[Black "Roos, Daniel"]
[Result "1/2-1/2"]
[WhiteElo "2380"]
[BlackElo "2415"]

1.d4 Nf6 2.c4 g6 3.Nc3 d5 4.cxd5 Nxd5 5.e4 Nxc3 6.bxc3 Bg7 7.Nf3 O-O 8.Rb1 c5
9.Be3 Nd7 10.Be2 Qc7 11.O-O b6 12.Qd3  1/2-1/2

[Event "Lenk-J"]
[Site "Lenk"]
[Date "1993.??.??"]
[Round "3"]
[White "Gyimesi, Zoltan"]
[Black "Curien, Nicolas"]
[Result "1/2-1/2"]
[WhiteElo "2395"]
[BlackElo "2240"]

1.d4 Nf6 2.c4 g6 3.Nc3 d5 4.cxd5 Nxd5 5.e4 Nxc3 6.bxc3 Bg7 7.Bb5+ Nd7 8.Ne2 O-O
9.O-O c6 10.Bc4 Nb6 11.Bb3 e5 12.a4 Re8 13.a5 Nd7 14.Qc2 Nf8 15.Rd1 Qc7 16.Be3 Be6
17.d5 cxd5 18.exd5 Bf5 19.Qa2 Qd6 20.c4 b6 21.Ba4 Rec8 22.Bc6 Rab8 23.Nc3 e4
24.Nb5 Qe7 25.Qa3 Qh4 26.Bd4 Bxd4 27.Nxd4 Qf6 28.h3 h5 29.Rac1 Nd7 30.Bxd7 Bxd7
31.Qe3 Qe7 32.f3 Re8 33.Re1 f5 34.fxe4 Qxe4 35.Qxe4 fxe4 36.Rc3 Rbc8 37.Rb1 Rc5
38.axb6 axb6 39.Rxb6 Rec8 40.Rxg6+ Kf7 41.Rcg3 Rxc4 42.Ne2 Bg4 43.Nf4 e3
44.hxg4 Rxf4 45.Re6 Rc1+ 46.Kh2 Rxg4 47.Rf3+ Kg7 48.Rexe3 Rd1 49.Rd3 Rd4
50.Rxd1 Rxd1 51.Rf5 Kg6 52.Re5 Rd4 53.Kh3 h4 54.Re6+ Kf7 55.Rd6 Ke7 56.Rh6 Rxd5
57.Rxh4 Kf6  1/2-1/2

[Event "Linares m"]
[Site "Linares"]
[Date "1993.??.??"]
[Round "6"]
[White "Illescas Cordoba, Miguel"]
[Black "Ljubojevic, Ljubomir"]
[Result "1/2-1/2"]
[WhiteElo "2625"]
[BlackElo "2595"]

1.d4 Nf6 2.c4 g6 3.Nc3 d5 4.cxd5 Nxd5 5.e4 Nxc3 6.bxc3 Bg7 7.Bb5+ c6 8.Ba4 b5
9.Bb3 b4 10.Qf3 e6 11.Ne2 Ba6 12.O-O bxc3 13.Rd1 Bxe2 14.Qxe2 O-O 15.Ba3 Re8
16.Bb4 a5 17.Bxc3 a4 18.Bc4 Nd7 19.Qc2 Qc7 20.Rab1 Qa7 21.g3 Rab8 22.Rxb8 Rxb8
23.h4 e5 24.d5 cxd5 25.Bxd5 Nb6 26.Qd3 Rc8 27.Bb4 Bf8 28.Bxf8 Kxf8 29.Qe3 Qc7
30.h5 Nxd5 31.exd5 Qd6 32.Qa7 a3 33.Rd3 gxh5 34.Qxa3 Qxa3 35.Rxa3 Rc1+ 36.Kg2 Rd1
37.Ra5 Kg7 38.Kf3 Rd4 39.Ke3 h4 40.gxh4 Rxh4  1/2-1/2

[Event "SWE-ch"]
[Site "Lindesberg"]
[Date "1993.??.??"]
[Round "10"]
[White "Barkhagen, Jonas"]
[Black "Ernst, Thomas"]
[Result "1/2-1/2"]
[WhiteElo "2430"]
[BlackElo "2480"]

1.d4 Nf6 2.c4 g6 3.Nc3 d5 4.cxd5 Nxd5 5.e4 Nxc3 6.bxc3 Bg7 7.Bc4 c5 8.Ne2 Nc6
9.Be3 O-O 10.O-O Bg4 11.f3 Na5 12.Bd3 cxd4 13.cxd4 Be6 14.Rc1 Bxa2 15.Qa4 Be6
16.d5 Bd7 17.Qb4 e6 18.Nc3 b6 19.Rfd1 Qf6 20.f4 exd5 21.Nxd5 Qb2 22.Qe7 Be6
23.Rb1  1/2-1/2

[Event "SWE-ch"]
[Site "Lindesberg"]
[Date "1993.??.??"]
[Round "11"]
[White "Eriksson, Johan"]
[Black "Eriksson, Magnus"]
[Result "1-0"]
[WhiteElo "2305"]
[BlackElo "2365"]

1.d4 Nf6 2.c4 g6 3.Nc3 d5 4.cxd5 Nxd5 5.e4 Nxc3 6.bxc3 Bg7 7.Bc4 O-O 8.Be3 c5
9.Ne2 Nc6 10.O-O Qc7 11.Rc1 Rd8 12.Bf4 Qd7 13.d5 Na5 14.Bd3 b6 15.c4 e5 16.Bd2 Nb7
17.Bc3 Nd6 18.f4 f6 19.Ng3 Ba6 20.Bd2 exf4 21.Bxf4 Re8 22.h4 Nf7 23.Be2 h5
24.Qd2 Kh7 25.Rc3 Ne5 26.Qd1 Kg8 27.Bxh5 gxh5 28.Nxh5 Ng4 29.Rg3 Bc8 30.Bh6 Rxe4
31.Bxg7 Qd6 32.Bxf6 Bd7 33.Qd3 Rae8  1-0

[Event "Lisboa zt"]
[Site "Lisboa"]
[Date "1993.??.??"]
[Round "10"]
[White "Gomez Esteban, Juan Mario"]
[Black "Santos, Antonio P"]
[Result "1-0"]
[WhiteElo "2410"]
[BlackElo "2285"]

1.d4 Nf6 2.c4 g6 3.Nc3 d5 4.cxd5 Nxd5 5.e4 Nxc3 6.bxc3 Bg7 7.Be3 O-O 8.Qd2 c5
9.Rd1 Qa5 10.h3 b5 11.Nf3 Nd7 12.Bd3 Bb7 13.O-O cxd4 14.cxd4 Qxd2 15.Rxd2 a6
16.a4 bxa4 17.d5 a3 18.Ra2 f5 19.Bc4 Rfc8 20.Nd2 Bb2 21.d6+ Kf8 22.exf5 Rxc4
23.Nxc4 Bd5 24.dxe7+ Kxe7 25.Nxb2 Bxa2 26.Na4 gxf5 27.Ra1 Bb3 28.Rxa3 Bxa4
29.Rxa4 Ke6 30.Kh2 Ne5 31.Rh4 a5 32.Rh6+ Kd5 33.Rxh7 a4 34.Rb7 a3 35.Rb5+ Ke4
36.Bc1 Nd3 37.f3+ Kd4 38.Bh6 f4 39.Bg7+ Kc4 40.Rb7 a2 41.Ba1 Nb4 42.Rf7 Nc2
43.Rxf4+ Kb3 44.Bf6 Ra6 45.Bg7 Ra7 46.Bh8 Rh7 47.Be5 Re7 48.Bh8 Re8 49.Bg7 Rg8
50.Be5 Ne1 51.Rg4 Re8 52.Bg7 Re2 53.Rg3 Nd3 54.f4 Kc2 55.f5 Rf2 56.Rg6 Nb2
57.Ra6 Kb1 58.h4 Rxf5 59.g4 Rf7 60.Bxb2 Kxb2 61.h5 Rf3 62.h6 Ra3 63.h7 Rxa6
64.h8=Q+ Kb3 65.Qb8+ Ka3 66.Qe5 Rb6 67.Qa5+  1-0

[Event "Ljubljana op"]
[Site "Ljubljana"]
[Date "1993.??.??"]
[Round "?"]
[White "Krmelj, Natasa"]
[Black "Ivacic, Vladimir"]
[Result "1/2-1/2"]
[WhiteElo "2045"]
[BlackElo "2295"]

1.d4 Nf6 2.c4 g6 3.Nc3 d5 4.cxd5 Nxd5 5.e4 Nxc3 6.bxc3 Bg7 7.Bc4 c5 8.Ne2 O-O
9.O-O Nc6 10.Be3 Qc7 11.Qc1 Na5 12.Bd3 Rd8 13.Rd1 Bd7 14.Bh6 cxd4 15.Bxg7 Kxg7
16.cxd4 Qxc1 17.Raxc1 Rac8 18.Rxc8 Rxc8 19.Rc1 Nc6 20.Kf1 e6 21.f4 Rd8 22.Kf2 Nb4
23.Bc4 b5 24.a3 Na6 25.Bd3 Nb8 26.Rc7 a6 27.Ke3 Kf8 28.Nc1 Rc8 29.Rxc8+ Bxc8
30.Nb3 Nd7 31.Kd2 Ke7 32.Kc3 Kd6 33.g3 Kc6 34.Kb4 Kb6 35.a4 bxa4 36.Kxa4 Nb8
37.Na5 Bd7+ 38.Kb4 Nc6+ 39.Nxc6 Bxc6 40.h3 a5+ 41.Kc3 Bb5 42.Bc2 Bf1 43.Ba4 Bxh3
44.e5 h6 45.Be8 g5 46.fxg5 hxg5 47.Bxf7 Kc6 48.Bh5 Bg2 49.Bd1 Bd5 50.Ba4+ Kc7
51.Bc2 Kb6 52.Ba4 Kc7 53.Bc2 Kd7 54.Kb2 Bc6 55.Kb3 Bb5 56.Be4 Ke7 57.Kc3  1/2-1/2

[Event "London Lloyds"]
[Site "London"]
[Date "1993.??.??"]
[Round "5"]
[White "Timoshchenko, Gennadi A"]
[Black "Morris, Philip"]
[Result "1/2-1/2"]
[WhiteElo "2540"]
[BlackElo "2380"]

1.d4 Nf6 2.c4 g6 3.Nc3 d5 4.cxd5 Nxd5 5.e4 Nxc3 6.bxc3 Bg7 7.Bc4 c5 8.Ne2 Nc6
9.Be3 O-O 10.O-O Bg4 11.f3 Na5 12.Bd3 cxd4 13.cxd4 Be6 14.Rc1 Bxa2 15.Qa4 Be6
16.d5 Bd7 17.Qb4 e6 18.Nc3 exd5 19.Nxd5 Be6 20.Rfd1 Bxd5 21.exd5 Re8 22.Bf2 Bf8
23.Qa4 Bd6 24.Bb5 Rf8 25.Bh4 f6 26.Re1 b6 27.Ba6 Rb8 28.Re6 Bc5+ 29.Kh1 Qxd5
30.Rxf6 Qd4 31.Qa2+ Kg7 32.Rxf8 Rxf8 33.Bg3 Re8 34.Qb1 Re7 35.Rd1 Qf6 36.Bd3 Nc6
37.Be4 Nd4 38.Qd3 h5 39.Be1 Kh7 40.Bc3 Rd7 41.Qc4 Qf7 42.Qa4 b5 43.Qa1 Nf5
44.Re1 b4 45.Bb2 Bf8 46.Qa5 b3 47.g4 hxg4 48.fxg4 Ng7 49.Qc3 Qf2 50.Qh3+ Kg8
51.Qxb3+ Kh7 52.Qh3+ Kg8 53.Qb3+ Kh7 54.Qh3+ Kg8 55.Rb1 Qe2 56.Qb3+ Kh7 57.Qh3+ Kg8
58.Qb3+ Kh7 59.Bf3 Rd3 60.Bxe2 Rxb3 61.Bd1 Rb6 62.Bc2 Ne6 63.h4 Bg7 64.Bc1 Rxb1
65.Bxb1 Be5 66.h5 Nf4 67.hxg6+ Kg7 68.Be3 a6 69.Bd2 Nxg6 70.Kg2 Bf4 71.Bc3+ Ne5
72.Kh3 Kh6 73.Ba5 Kg7 74.Be4 Nxg4 75.Kxg4 Be5  1/2-1/2

[Event "London Lloyds"]
[Site "London"]
[Date "1993.??.??"]
[Round "7"]
[White "Ward, Christopher"]
[Black "Hodgson, Julian M"]
[Result "1-0"]
[WhiteElo "2460"]
[BlackElo "2625"]

1.d4 Nf6 2.c4 g6 3.Nc3 d5 4.cxd5 Nxd5 5.e4 Nxc3 6.bxc3 Bg7 7.Bc4 c5 8.Ne2 Nc6
9.Be3 O-O 10.Rc1 Na5 11.Bd3 cxd4 12.cxd4 b6 13.h4 e5 14.dxe5 Bxe5 15.f4 Bg7
16.h5 Qd7 17.hxg6 hxg6 18.f5 gxf5 19.Nf4 fxe4 20.Bxe4 Qxd1+ 21.Rxd1 Bc3+
22.Kf2 Bg4 23.Rd3 Be5 24.Rh4 Be6 25.Bxa8 Rxa8 26.Nxe6 fxe6 27.Rd7 Nc6 28.Rg4+  1-0

[Event "London Lloyds"]
[Site "London"]
[Date "1993.??.??"]
[Round "10"]
[White "Sheldon, Ruth"]
[Black "Hodgson, Julian M"]
[Result "0-1"]
[WhiteElo "2040"]
[BlackElo "2625"]

1.d4 Nf6 2.c4 g6 3.Nc3 d5 4.cxd5 Nxd5 5.e4 Nxc3 6.bxc3 Bg7 7.Be3 c5 8.Qd2 Qa5
9.Rc1 cxd4 10.cxd4 Qxd2+ 11.Kxd2 O-O 12.Bb5 Bd7 13.Bxd7 Nxd7 14.Rc7 Rfd8
15.Ne2 b6 16.f3 Kf8 17.Rhc1 Nf6 18.Bg5 Ke8 19.Ke3 Rd7 20.d5 Rad8 21.Nd4 Nxd5+
22.exd5 Bxd4+ 23.Kxd4 Rxd5+ 24.Ke3 Rxg5 25.Rxa7 Re5+ 26.Kf4 Rc5 27.Rxc5 bxc5
28.Ke3 Rd1 29.f4 c4 30.Rc7 Rg1 31.Kf3 Rf1+ 32.Ke3 Ra1 33.Rxc4 Rxa2 34.Kf3 h5
35.Rc7 f6 36.Rc8+ Kf7 37.Rh8 Ke6 38.h3 Ra3+ 39.Kf2 Kf5 40.Re8 Kxf4 41.Rxe7 Ra2+
42.Kf1 Kg3 43.Re3+ Kh2 44.g4 h4 45.Rf3 g5 46.Rb3 Rg2 47.Rf3 Rg3 48.Rxf6 Kxh3  0-1

[Event "Lublin"]
[Site "Lublin"]
[Date "1993.??.??"]
[Round "?"]
[White "Kishnev, Sergey"]
[Black "Mikhalchishin, Adrian"]
[Result "1/2-1/2"]
[WhiteElo "2510"]
[BlackElo "2520"]

1.d4 Nf6 2.c4 g6 3.Nc3 d5 4.cxd5 Nxd5 5.e4 Nxc3 6.bxc3 Bg7 7.Bb5+ c6 8.Ba4 b5
9.Bb3 b4 10.Be3 bxc3 11.Rc1 Ba6 12.Rxc3 O-O 13.Ne2 Nd7 14.O-O c5 15.Bc4 cxd4
16.Bxd4 Bxc4 17.Rxc4 Nb6 18.Rc2  1/2-1/2

[Event "POL-chT"]
[Site "Lubniewice"]
[Date "1993.??.??"]
[Round "?"]
[White "Krasenkow, Michal"]
[Black "Jasnikowski, Zbigniew"]
[Result "1-0"]
[WhiteElo "2595"]
[BlackElo "2450"]

1.d4 Nf6 2.c4 g6 3.Nc3 d5 4.cxd5 Nxd5 5.e4 Nxc3 6.bxc3 Bg7 7.Bc4 c5 8.Ne2 Nc6
9.Be3 O-O 10.Rc1 Na5 11.Bd3 e5 12.dxe5 Qe7 13.Nf4 Bxe5 14.Nd5 Qd6 15.f4 Bg7
16.c4 Nc6 17.O-O Bd4 18.Bxd4 Nxd4 19.e5 Qd8 20.Qe1 Kg7 21.Nf6 Nf5 22.Rf3 Qd4+
23.Kh1 Rd8 24.g4 Ne7 25.f5 b5 26.Qh4 h6 27.g5 Qxe5 28.Nh5+ Kg8 29.Re1  1-0

[Event "POL-chT"]
[Site "Lubniewice"]
[Date "1993.??.??"]
[Round "?"]
[White "Gleizerov, Evgeny"]
[Black "Urban, Klaudiusz"]
[Result "1-0"]
[WhiteElo "2525"]
[BlackElo "2440"]

1.d4 Nf6 2.c4 g6 3.Nc3 d5 4.cxd5 Nxd5 5.e4 Nxc3 6.bxc3 Bg7 7.Bb5+ c6 8.Ba4 b5
9.Bb3 b4 10.Ne2 bxc3 11.Be3 Ba6 12.Rc1 Nd7 13.e5 e6 14.f4 Qa5 15.Nxc3 O-O
16.Qd2 c5 17.Ne4 Qxd2+ 18.Kxd2 Rfd8 19.Nd6 cxd4 20.Bxd4 Nb6 21.Ke3 Nc8 22.Nxc8 Bxc8
23.Rc7 a6 24.Rhc1 Bd7 25.Rb7 Be8 26.Rcc7 Bf8 27.g4 Rac8 28.Rxc8 Rxc8 29.f5 Bh6+
30.Kf2 gxf5 31.gxf5 Rd8 32.fxe6 fxe6 33.Bxe6+ Kh8 34.Bb6 Rd2+ 35.Ke1 Rb2
36.Rb8 Rb1+ 37.Ke2 Rb2+ 38.Kf3  1-0

[Event "POL-chT"]
[Site "Lubniewice"]
[Date "1993.??.??"]
[Round "?"]
[White "Gleizerov, Evgeny"]
[Black "Jasnikowski, Zbigniew"]
[Result "1-0"]
[WhiteElo "2525"]
[BlackElo "2450"]

1.d4 Nf6 2.c4 g6 3.Nc3 d5 4.cxd5 Nxd5 5.e4 Nxc3 6.bxc3 Bg7 7.Bb5+ c6 8.Ba4 Nd7
9.Nf3 O-O 10.O-O b5 11.Bb3 a5 12.a3 c5 13.Rb1 Ba6 14.Re1 Rc8 15.Bg5 h6 16.Bh4 g5
17.Bg3 Nb6 18.Be5 cxd4 19.cxd4 Nc4 20.Bxg7 Kxg7 21.Bxc4 Rxc4 22.d5 Qb6 23.h4 f6
24.Qd2 g4 25.Nh2 g3 26.Ng4 gxf2+ 27.Nxf2 Rfc8 28.Rb3 b4 29.Rg3+ Kh7 30.Qf4 Rg8
31.Qf5+ Kh8 32.Rxg8+ Kxg8 33.Qg6+ Kf8 34.e5  1-0

[Event "Wch Team"]
[Site "Luzern"]
[Date "1993.??.??"]
[Round "1"]
[White "Li Wenliang"]
[Black "Vakhidov, Tahir"]
[Result "1-0"]
[WhiteElo "2330"]
[BlackElo "2470"]

1.d4 Nf6 2.c4 g6 3.Nc3 d5 4.cxd5 Nxd5 5.e4 Nxc3 6.bxc3 Bg7 7.Nf3 O-O 8.Be2 c5
9.Rb1 Qa5 10.O-O cxd4 11.cxd4 Qxa2 12.Bg5 Re8 13.Bb5 Bd7 14.Bxd7 Nxd7 15.Rxb7 Nf6
16.Bxf6 exf6 17.Qd3 a5 18.d5 Rad8 19.d6 Qe6 20.d7 Re7 21.Rd1 Bf8 22.Qb5 Qa2
23.Rc7 Qe6 24.h3 h5 25.Rd4 Bh6 26.Rc6 Qa2 27.Rc8 Qa1+ 28.Qf1 Qxf1+ 29.Kxf1 Rxd7
30.Rxd8+  1-0

[Event "Wch Team"]
[Site "Luzern"]
[Date "1993.??.??"]
[Round "7"]
[White "Kortschnoj, Viktor"]
[Black "Gulko, Boris F"]
[Result "1/2-1/2"]
[WhiteElo "2625"]
[BlackElo "2635"]

1.d4 Nf6 2.c4 g6 3.Nc3 d5 4.cxd5 Nxd5 5.e4 Nxc3 6.bxc3 Bg7 7.Bb5+ c6 8.Ba4 O-O
9.Ne2 e5 10.O-O Re8 11.f3 b5 12.Bb3 a5 13.a3 exd4 14.cxd4 Nd7 15.Be3 Nb6
16.Nf4 Ba6 17.Re1 Nc4 18.Bxc4 bxc4 19.Rb1 Rb8 20.Ne2 Rxb1 21.Qxb1 Qb8 22.Bd2 c3
23.Qxb8 Rxb8 24.Bxc3 Rb3 25.Bxa5 Rb2 26.Nf4 Bxd4+ 27.Kh1 Ra2 28.Rd1 Be5 29.Nh3 Rxa3
30.Bb6 Rb3 31.Ba7 Bd3 32.Rc1 Rb1 33.Rxb1 Bxb1 34.Bc5 f5 35.exf5 Bxf5 36.g4 Be6
37.Kg2 Bd5 38.Ng5 Bf4 39.h4 h6 40.Nh3 Bc1 41.Kf2 Bb2  1/2-1/2

[Event "Wch Team"]
[Site "Luzern"]
[Date "1993.??.??"]
[Round "7"]
[White "Petursson, Margeir"]
[Black "Lin Weiguo"]
[Result "1-0"]
[WhiteElo "2560"]
[BlackElo "2540"]

1.d4 Nf6 2.c4 g6 3.Nc3 d5 4.cxd5 Nxd5 5.e4 Nxc3 6.bxc3 Bg7 7.Nf3 O-O 8.Be2 c5
9.O-O cxd4 10.cxd4 b6 11.Bg5 Bb7 12.Qd3 Ba6 13.Qe3 Bxe2 14.Qxe2 Nc6 15.Rad1 h6
16.Bh4 Qd7 17.d5 Na5 18.Nd4 Rac8 19.f4 e5 20.fxe5 Bxe5 21.Nf3 Bg7 22.e5 Rfe8
23.Rfe1 Qa4 24.e6 fxe6 25.d6 Qd7 26.Be7 Nc6 27.Qxe6+ Qxe6 28.Rxe6 Kf7 29.Ree1 Ra8
30.Bh4 g5 31.Rf1 Kg8 32.Bg3 Rad8 33.Rd2 g4 34.Rc1 gxf3 35.Rxc6 Re6 36.gxf3 Be5
37.Bxe5 Rxe5 38.Rc7 Re6 39.d7 Kf7 40.Rxa7 Ke7 41.Rb7 Rd6 42.Rxd6 Kxd6 43.Rxb6+ Kxd7
44.a4 Ra8 45.Rb4 Ke6 46.Kf2 Kf5 47.Rb5+ Kf6 48.a5 Ra7 49.h4 Ra8 50.Rb6+ Kf5
51.Rxh6 Rxa5 52.Rb6 Ra1 53.Kg2 Kf4 54.Rf6+ Ke5 55.Rf8 Ke6 56.Kh3 Ra4 57.Kg3 Rb4
58.h5 Rb1 59.Kh4 Rg1 60.h6 Ke7 61.Rf4 Rh1+ 62.Kg5 Rh3 63.Rh4 Rg3+ 64.Kf4 Rg8
65.h7 Rh8 66.Kg5 Kf7 67.Kh6  1-0

[Event "Wch Team"]
[Site "Luzern"]
[Date "1993.??.??"]
[Round "8"]
[White "Vyzmanavin, Alexey"]
[Black "Vakhidov, Tahir"]
[Result "1/2-1/2"]
[WhiteElo "2605"]
[BlackElo "2470"]

1.d4 Nf6 2.c4 g6 3.Nc3 d5 4.cxd5 Nxd5 5.e4 Nxc3 6.bxc3 Bg7 7.Bb5+ c6 8.Ba4 b5
9.Bb3 b4 10.Be3 bxc3 11.Rc1 Nd7 12.Ne2 Ba6 13.e5 e6 14.Nxc3 c5 15.f4 O-O
16.h4 Qa5 17.Kf2 Rad8 18.Ne4 cxd4 19.Bd2 Qb6 20.h5 Bb7 21.Ng5 h6 22.hxg6 hxg5
23.Rh8+ Bxh8 24.Qh5 fxg6 25.Qxg6+ Bg7 26.Bxe6+ Qxe6 27.Qxe6+ Rf7 28.Rc7 Bc8
29.Kg1 gxf4 30.Bxf4 Rf8 31.g3 d3 32.Qd5 Nb6 33.Qb3 d2 34.Bxd2 Bxe5 35.Rxa7 Bd4+
36.Kg2 Nd7 37.Rc7 Bb6 38.Rxd7 Bxd7 39.Qxb6 Rf2+ 40.Qxf2 Rxf2+ 41.Kxf2 Kf7
42.Ke3 Ke6 43.Kd4 Kd6  1/2-1/2

[Event "Malmo"]
[Site "Malmo"]
[Date "1993.??.??"]
[Round "7"]
[White "Petursson, Margeir"]
[Black "Eriksson, Magnus"]
[Result "1-0"]
[WhiteElo "2560"]
[BlackElo "2535"]

1.d4 Nf6 2.c4 g6 3.Nc3 d5 4.cxd5 Nxd5 5.e4 Nxc3 6.bxc3 Bg7 7.Nf3 c5 8.Rb1 O-O
9.Be2 cxd4 10.cxd4 Qa5+ 11.Bd2 Qxa2 12.O-O a5 13.d5 a4 14.Bb4 a3 15.e5 Bf5
16.Rc1 Rc8 17.e6 Na6 18.Rxc8+ Rxc8 19.Bxe7 Nb8 20.Ng5 fxe6 21.d6 h6 22.g4 Qd5
23.gxf5 hxg5 24.Qxd5 exd5 25.f6 Bh8 26.Bg4  1-0

[Event "Martinez Valle op2"]
[Site "Martinez Valle"]
[Date "1993.??.??"]
[Round "6"]
[White "Arregui, Jose Luis"]
[Black "Poch, Caesar G"]
[Result "1/2-1/2"]
[WhiteElo "2310"]
[BlackElo "2390"]

1.d4 Nf6 2.c4 g6 3.Nc3 d5 4.cxd5 Nxd5 5.e4 Nxc3 6.bxc3 Bg7 7.Be3 O-O 8.Nf3 c5
9.Be2 cxd4 10.cxd4 Qa5+ 11.Qd2 Qxd2+ 12.Kxd2 Nc6 13.Rhd1 Rd8 14.Ke1 Nb4 15.Rd2 b6
16.Rb1 Nc6 17.d5 Na5 18.Rc2 e6 19.Rc7 exd5 20.exd5 Rxd5 21.Ng5 Rd7 22.Rbc1 Rxc7
23.Rxc7 Be5 24.Re7 Be6 25.Nxe6 fxe6 26.Bg4 Nc6 27.Bxe6+ Kh8 28.Rf7 Rd8 29.f4 Bd4
30.Bxd4+ Nxd4 31.Bd7  1/2-1/2

[Event "Massy op2"]
[Site "Massy"]
[Date "1993.??.??"]
[Round "3"]
[White "Solozhenkin, Evgeniy"]
[Black "Piankov, Evgenij"]
[Result "1/2-1/2"]
[WhiteElo "2515"]
[BlackElo "2395"]

1.d4 Nf6 2.c4 g6 3.Nc3 d5 4.cxd5 Nxd5 5.e4 Nxc3 6.bxc3 Bg7 7.Nf3 O-O 8.Be2 c5
9.Rb1 Qa5 10.O-O Qxc3 11.Rb3 Qa5 12.Rb5 Qxa2 13.Rxc5 Qe6 14.Qc2 Na6 15.Bc4 Qb6
16.Rb5 Qd8 17.Bf4 e6 18.d5 b6 19.Rd1 Qe7 20.dxe6 Bxe6 21.Bd6 Qe8 22.Bxf8 Bxf8
23.Bxe6 Qxe6 24.Ng5 Qf6 25.Re1 Nb4 26.Qb3 Bc5 27.Nf3 Qe7 28.Rb1 a5 29.Qc4 Rd8
30.Kf1 h6 31.h4 Kg7 32.Qc3+ Kh7 33.Qc4 Rd7 34.e5 Nd3 35.h5 Nxe5 36.hxg6+ fxg6
37.Qe4 Nxf3 38.Qxf3 Qe6 39.R5b2 a4  1/2-1/2

[Event "Merida"]
[Site "Merida"]
[Date "1993.??.??"]
[Round "10"]
[White "Toth, Christian Endre"]
[Black "Henao, Raul Fernando"]
[Result "1/2-1/2"]
[WhiteElo "2420"]
[BlackElo "2390"]

1.d4 Nf6 2.c4 g6 3.Nc3 d5 4.cxd5 Nxd5 5.e4 Nxc3 6.bxc3 Bg7 7.Bb5+ c6 8.Ba4 O-O
9.Ne2 e5 10.O-O Qe7 11.Bc2 Rd8 12.a4 Be6 13.Ba3 Qe8 14.Bd3 Nd7 15.Qc2 Nb6
16.Rab1 Rd7  1/2-1/2

[Event "Minsk-B"]
[Site "Minsk"]
[Date "1993.??.??"]
[Round "4"]
[White "Maksimenko, Andrei"]
[Black "Sulipa, Aleksandar"]
[Result "1/2-1/2"]
[WhiteElo "2435"]
[BlackElo "2360"]

1.d4 Nf6 2.c4 g6 3.Nc3 d5 4.cxd5 Nxd5 5.e4 Nxc3 6.bxc3 Bg7 7.Bb5+ c6 8.Ba4 O-O
9.Ne2 e5 10.O-O Qe7 11.Bc2 Rd8 12.a4 b6 13.Ba3 Qe8 14.f4 exd4 15.cxd4 f5
16.e5 Be6 17.Nc3 Bf8 18.Bb3 Bxa3 19.Rxa3 Qe7 20.Ra1 Na6  1/2-1/2

[Event "Minsk-B"]
[Site "Minsk"]
[Date "1993.??.??"]
[Round "5"]
[White "Tunik, Gennady"]
[Black "Yandemirov, Valeri"]
[Result "1/2-1/2"]
[WhiteElo "2465"]
[BlackElo "2465"]

1.d4 Nf6 2.c4 g6 3.Nc3 d5 4.cxd5 Nxd5 5.e4 Nxc3 6.bxc3 Bg7 7.Bb5+ Nc6 8.Ne2 O-O
9.Bxc6 bxc6 10.Ba3 Ba6 11.O-O Re8 12.Qc2 e5  1/2-1/2

[Event "Minsk-B"]
[Site "Minsk"]
[Date "1993.??.??"]
[Round "11"]
[White "Sulipa, Aleksandar"]
[Black "Yandemirov, Valeri"]
[Result "1/2-1/2"]
[WhiteElo "2360"]
[BlackElo "2465"]

1.d4 Nf6 2.c4 g6 3.Nc3 d5 4.cxd5 Nxd5 5.e4 Nxc3 6.bxc3 Bg7 7.Bb5+ Bd7 8.Be2 c5
9.Nf3 Nc6 10.Rb1 cxd4 11.cxd4  1/2-1/2

[Event "Mlada Boleslav op"]
[Site "Mlada Boleslav"]
[Date "1993.??.??"]
[Round "?"]
[White "Meister, Yakov"]
[Black "Pribyl, Martin"]
[Result "1-0"]
[WhiteElo "2455"]
[BlackElo "2300"]

1.c4 Nf6 2.Nc3 d5 3.cxd5 Nxd5 4.d4 g6 5.e4 Nxc3 6.bxc3 Bg7 7.Nf3 c5 8.Bb5+ Bd7
9.Be2 O-O 10.Rb1 b6 11.O-O Nc6 12.d5 Na5 13.c4 e5 14.Bb2 f6 15.Nd2 Nb7 16.f4 Nd6
17.Bd3 exf4 18.Rxf4 Nf7 19.Rf1 Ne5 20.Nf3 Qe7 21.Nxe5 fxe5 22.Qd2 Rxf1+ 23.Rxf1 Rf8
24.Qe3 a6 25.Be2 b5 26.a3 Qd6 27.Rc1 Rc8 28.Bc3 b4 29.axb4 cxb4 30.Be1 Bf8
31.Bf2 Rc5 32.Rf1 a5 33.Kh1 Rc8 34.Qa7 Qc7 35.Qxc7 Rxc7 36.Bb6 Rc8 37.Bxa5 Bc5
38.h3 Ba4 39.Bd3 b3 40.Ra1 Bd7 41.Bc3 Bd4 42.Bxd4 exd4 43.Ra7 b2 44.Rb7 Ra8
45.Rxb2 Ra1+ 46.Kh2 Rd1 47.Be2 Re1 48.Rd2  1-0

[Event "Mlada Boleslav op"]
[Site "Mlada Boleslav"]
[Date "1993.??.??"]
[Round "?"]
[White "Chloupek, Stanislav"]
[Black "Pribyl, Josef"]
[Result "1/2-1/2"]
[WhiteElo "2295"]
[BlackElo "2470"]

1.d4 Nf6 2.c4 g6 3.Nc3 d5 4.cxd5 Nxd5 5.e4 Nxc3 6.bxc3 Bg7 7.Nf3 b6 8.Bb5+ Bd7
9.Be2 c5 10.Rb1 Nc6 11.O-O O-O 12.d5 Na5 13.c4 e5 14.Bb2 Re8 15.Nd2 Bh6 16.Nf3 f6
17.Ne1 Nb7 18.Bg4 Nd6 19.Bxd7 Qxd7 20.Qc2 Qg4 21.f3 Be3+ 22.Kh1 Qc8 23.Qa4 Bd4
24.Nd3 Re7 25.Rfc1 Rc7 26.Rc2  1/2-1/2

[Event "Mravinci"]
[Site "Mravinci"]
[Date "1993.??.??"]
[Round "?"]
[White "Franic, Milan"]
[Black "Rade, Miroslav"]
[Result "0-1"]
[WhiteElo "2385"]
[BlackElo "2255"]

1.d4 Nf6 2.c4 g6 3.Nc3 d5 4.cxd5 Nxd5 5.e4 Nxc3 6.bxc3 Bg7 7.Bc4 c5 8.Ne2 O-O
9.Be3 Nc6 10.Rc1 cxd4 11.cxd4 Qa5+ 12.Kf1 Qa3 13.Rc3 Qd6 14.Qd2 Rd8 15.Rd3 b6
16.f3 Bb7 17.Bf4 Qb4 18.Bd5 Rac8 19.Kf2 e6 20.Bxc6 Qxd2 21.Rxd2 Rxc6 22.Rhd1 Rc4
23.Bg5 Rd7 24.Be3 f5 25.Nf4 Kf7 26.d5 e5  0-1

[Event "Muenster op"]
[Site "Muenster"]
[Date "1993.??.??"]
[Round "3"]
[White "Dokhoian, Yury"]
[Black "Himmel, Hansjoerg"]
[Result "1-0"]
[WhiteElo "2550"]
[BlackElo "2355"]

1.d4 Nf6 2.c4 g6 3.Nc3 d5 4.cxd5 Nxd5 5.e4 Nxc3 6.bxc3 Bg7 7.Bb5+ c6 8.Ba4 b5
9.Bb3 b4 10.Qf3 O-O 11.h4 h5 12.Ne2 bxc3 13.Qxc3 Qd7 14.Bg5 Na6 15.Rd1 c5
16.O-O Bb7 17.Qe3 cxd4 18.Nxd4 Qc7 19.Bh6 Qe5 20.Bxg7 Qxg7 21.Nf3 Rac8 22.Rd7 Rc3
23.Qxa7 Bc8 24.Rxe7 Rxf3 25.gxf3 Qf6 26.Rc1 Qxh4 27.Bxf7+  1-0

[Event "Munich op9293"]
[Site "Munich"]
[Date "1993.??.??"]
[Round "1"]
[White "Dengler, Dijana"]
[Black "Schwarz, Michael"]
[Result "0-1"]
[WhiteElo "2050"]
[BlackElo "2380"]

1.d4 Nf6 2.c4 g6 3.Nc3 d5 4.cxd5 Nxd5 5.e4 Nxc3 6.bxc3 Bg7 7.Nf3 O-O 8.Be2 b6
9.O-O Bb7 10.Qc2 Nd7 11.Bb2 e5 12.Rad1 Qe7 13.Bd3 Rfe8 14.Nd2 Rac8 15.Qa4 exd4
16.cxd4 c5 17.Bb5 Rc7 18.f3 a6 19.Bxd7 Rxd7 20.Nb3 Red8 21.Qc4 Qe8 22.a4 Rc8
23.Rd2 Qd8 24.d5 Bxb2 25.Rxb2 Rd6 26.Rfb1 Qg5 27.Qe2 c4 28.Nd4 Qe5 29.Qf2 c3
30.Rxb6 Rxb6 31.Rxb6 Qxd4 32.Qxd4 c2 33.Rxb7 c1=Q+ 34.Kf2 Rc2+ 35.Kg3 Qg5+
36.Kh3 Qxg2+ 37.Kh4 g5+ 38.Kh5 Qxf3+  0-1

[Event "Munich op9293"]
[Site "Munich"]
[Date "1993.??.??"]
[Round "3"]
[White "Chernin, Alexander"]
[Black "Schwarz, Michael"]
[Result "1-0"]
[WhiteElo "2600"]
[BlackElo "2380"]

1.d4 Nf6 2.c4 g6 3.Nc3 d5 4.cxd5 Nxd5 5.e4 Nxc3 6.bxc3 Bg7 7.Nf3 O-O 8.Be2 c5
9.Rb1 Nc6 10.d5 Ne5 11.Nxe5 Bxe5 12.Qd2 b6 13.f4 Bg7 14.O-O e6 15.dxe6 fxe6
16.Qe3 e5 17.Bc4+ Kh8 18.Bd5 Rb8 19.Bb2 Qe7 20.fxe5 Bd7 21.c4 Bxe5 22.Qa3 Bxb2
23.Qxb2+ Qg7 24.e5 Bf5 25.Rbe1 Rbe8 26.h3 Be6 27.Rf6 Bf5 28.g4 Bc8 29.Ref1 h5
30.Rf7 Rxf7 31.Rxf7 Qh6 32.e6+ Kg8 33.e7  1-0